National Roads Board: annual report 1999 (Record no. 78722)

MARC details
000 -LEADER
fixed length control field 00910nam a2200193 a 4500
008 - FIXED-LENGTH DATA ELEMENTS--GENERAL INFORMATION
fixed length control field 100115s1999 ||||||||||||||||| || u
050 ## - LIBRARY OF CONGRESS CALL NUMBER
Classification number GOV.ZAM(058)NRB/1999
110 ## - MAIN ENTRY--CORPORATE NAME
Corporate name or jurisdiction name as entry element Government of the Republic of Zambia (GRZ)
245 10 - TITLE STATEMENT
Title National Roads Board: annual report 1999
Statement of responsibility, etc. National Roads Board
260 ## - PUBLICATION, DISTRIBUTION, ETC.
Place of publication, distribution, etc. Lusaka:
Name of publisher, distributor, etc. Ministry of Communications and Transport
Date of publication, distribution, etc. 1999
300 ## - PHYSICAL DESCRIPTION
Extent 26p.: ill.
350 ## -
-- 0.00
650 ## - SUBJECT ADDED ENTRY--TOPICAL TERM
Topical term or geographic name entry element ROADS
650 ## - SUBJECT ADDED ENTRY--TOPICAL TERM
Topical term or geographic name entry element FINANCIAL REPORTS
650 ## - SUBJECT ADDED ENTRY--TOPICAL TERM
Topical term or geographic name entry element TRANSPORTATION--ZAMBIA
710 ## - ADDED ENTRY--CORPORATE NAME
Corporate name or jurisdiction name as entry element National Roads Board. Ministry of Communications and Transport
995 ## -
-- SPECIAL COLLECTIONS
-- 0.00
-- 03005417
-- CBU-MAIN LIBRARY (Kitwe)
-- 1
-- 0.00
-- GOV.ZAM(058)NRB/1999B
-- 2
-- AVAILABLE
-- Jan 15, 2010
-- Z03005417
-- Zambiana Collection
995 ## -
-- SPECIAL COLLECTIONS
-- 0.00
-- 55178
-- CBU-MAIN LIBRARY (Kitwe)
-- 1
-- 0.00
-- GOV.ZAM(058)NRB/1999A
-- 1
-- AVAILABLE
-- Jan 15, 2010
-- 55178
-- Zambiana Collection
999 ## -
-- 78722
-- 78722
Holdings
Withdrawn status Lost status Source of classification or shelving scheme Damaged status Not for loan Permanent Location Current Location Shelving location Date acquired Total Checkouts Full call number Barcode Date last seen Copy number Price effective from Koha item type
          CBU-MAIN LIBRARY, KITWE. CBU-MAIN LIBRARY, KITWE.   06/06/2023   GOV.ZAM(058)NRB/1999B Z03005417 06/06/2023 1 06/06/2023 SPECIAL COLLECTION
          CBU-MAIN LIBRARY, KITWE. CBU-MAIN LIBRARY, KITWE.   06/06/2023   GOV.ZAM(058)NRB/1999A 55178 06/06/2023 2 06/06/2023 SPECIAL COLLECTION